000 00616nam a2200241Ia 4500
008 160803s9999 xx 000 0 und d
020 _a0 43946806X
100 _aAuch, Mary Jane
245 4 _aThe princess and the pizza /
245 _cby Mary Jane and Herm Auch.
260 _aNew York :
260 _bScholastic Inc.
260 _c2002
300 _a30 unnumbered pages :
300 _bcolor illustrations ;
300 _c28 cm
650 _aCooking --
650 _aFairy tales.
650 _aPrincesses --
650 _xJuvenile fiction.
650 _xJuvenile fiction.
700 _a540
999 _c299134
_d299134